লক্ষ প্রাণের বিনিময়ে : (Record no. 695)
[ view plain ]
| 000 -LEADER | |
|---|---|
| fixed length control field | 00745nam a2200217 a 4500 |
| 001 - CONTROL NUMBER | |
| JCCL Control Number | 695 |
| 003 - CONTROL NUMBER IDENTIFIER | |
| JCCL marc code | BD-JhCC |
| 005 - DATE AND TIME OF LATEST TRANSACTION | |
| control field | 20171128110155.0 |
| 008 - FIXED-LENGTH DATA ELEMENTS--GENERAL INFORMATION | |
| fixed length control field | 171008s1981 bg |||| ||a| 00| 0 ben d |
| 035 ## - SYSTEM CONTROL NUMBER | |
| system control number | (BD-JhCC)695 |
| 040 ## - CATALOGING SOURCE | |
| Original cataloging agency | BD-JhCC |
| Modifying agency | BD-JhCC |
| 041 ## - LANGUAGE CODE | |
| Language code of Book | ben |
| 082 ## - DEWEY DECIMAL CLASSIFICATION NUMBER | |
| Classification number | 954.9205 |
| Author mark and Year | ISL 1981 |
| 100 ## - MAIN ENTRY--PERSONAL NAME | |
| Personal name | ইসলাম,রফিক-উল |
| 245 ## - TITLE STATEMENT | |
| Title | লক্ষ প্রাণের বিনিময়ে : |
| Remainder of title | এ টেল অব মিলিয়ননস / |
| Statement of responsibility, etc | রফিক-উল ইসলাম |
| 260 ## - PUBLICATION, DISTRIBUTION, ETC. (IMPRINT) | |
| Place of publication, distribution, etc | ঢাকা ; |
| Name of publisher, distributor, etc | সোনারগাঁ প্রিন্টার্স, |
| Date of publication, distribution, etc | 1981 |
| 300 ## - PHYSICAL DESCRIPTION | |
| Pagination | 350 p.: |
| Other physical details | ills; |
| Dimensions | 21 cm. |
| 650 ## - SUBJECT ADDED ENTRY--TOPICAL TERM | |
| Topical term or geographic name as entry element | Liberation war-1971 |
| General subdivision | History |
| Geographic subdivision | Bangladesh |
| 942 ## - ADDED ENTRY ELEMENTS (KOHA) | |
| Source of classification or shelving scheme | Dewey Decimal Classification |
| Koha item type | Books |
| Source of classification or shelving scheme | Damaged status | Not for loan | Home library | Current library | Shelving location | Cost, normal purchase price | Total Checkouts | Full call number | Barcode | Date last seen | Copy number | Koha item type | Date of accession |
|---|---|---|---|---|---|---|---|---|---|---|---|---|---|
| Dewey Decimal Classification | JCC Rouf Library | JCC Rouf Library | General Stacks | 45.00 | 954.9205 ISL 1981 | 169 | 10/08/2017 | C-1 | Books | ||||
| Dewey Decimal Classification | JCC Rouf Library | JCC Rouf Library | General Stacks | 45.00 | 954.9205 ISL 1981 | 3969 | 12/03/2017 | C-2 | Books | 12/03/2017 |